Cost differences and survival in declining industries. A case for "picking winners"?

Proces ochabovania tradičných priemyselných odvetví v Európe v 80. rokoch a jeho dôvody. Štátne subvencie do týchto odvetví. Zmeny základných podmienok v oblasti nákladov, dopytu a obchodnej aktivity týchto odvetví a dôsledku toho nutnosť realokácie zdrojov v rámci ostatného priemyslu.

Salvato in:
Dettagli Bibliografici
Autore principale: Dierickx, I.
Altri autori: Matutes, C., Neven, D.
Natura: Capitolo di libro
Lingua:inglese
Soggetti:
Tags: Aggiungi Tag
Nessun Tag, puoi essere il primo ad aggiungerne!!

MARC

LEADER 00000naa a2200000 4500
001 r007799
005 20221130103059.1
041 0 |a eng 
044 |a NL 
245 1 0 |a Cost differences and survival in declining industries.  |b A case for "picking winners"?  |c I. Dierickx, C. Matutes, D. Neven 
520 |a Proces ochabovania tradičných priemyselných odvetví v Európe v 80. rokoch a jeho dôvody. Štátne subvencie do týchto odvetví. Zmeny základných podmienok v oblasti nákladov, dopytu a obchodnej aktivity týchto odvetví a dôsledku toho nutnosť realokácie zdrojov v rámci ostatného priemyslu. 
610 2 0 |a odvetvia priemyselné 
610 2 0 |a náklady 
610 2 0 |a Európa 
610 2 0 |a subvencie 
610 2 0 |a dopyt 
610 2 0 |a politika obchodná 
100 1 |a Dierickx, I. 
700 1 |a Matutes, C. 
700 1 |a Neven, D.